झिलमिल झिलमिल यादे/ (Record no. 201778)

MARC details
000 -LEADER
fixed length control field 00804nam a22002057a 4500
005 - DATE AND TIME OF LATEST TRANSACTION
control field 20240326154729.0
010 ## - LCCN (DPL NO)
LC control number HIN-127223
020 ## - INTERNATIONAL STANDARD BOOK NUMBER
International Standard Book Number 9789380515571
Terms of availability 950.00
035 ## - SYSTEM CONTROL NUMBER
System control number HN-99569
037 ## - SOURCE OF ACQUISITION
Source of stock number/acquisition DBAD/PUB.
082 ## - DEWEY DECIMAL CLASSIFICATION NUMBER
Classification number 808.08
100 ## - MAIN ENTRY--PERSONAL NAME
Personal name अंजना संधीर
245 ## - TITLE STATEMENT
Title झिलमिल झिलमिल यादे/
Statement of responsibility, etc अंजना संधीर
250 ## - EDITION STATEMENT
Edition statement 1
260 ## - PUBLICATION, DISTRIBUTION, ETC. (IMPRINT)
Place of publication, distribution, etc नई दिल्ली
Name of publisher, distributor, etc मानसी प्रकाशन
Date of publication, distribution, etc 2020
270 ## - ADDRESS
Address 4760-61 द्वितीय तल 23 अंसारी रोड दरियागंज
City नई दिल्ली
Postal code 110002
300 ## - PHYSICAL DESCRIPTION
Extent 296 पृ;
Dimensions 23 सेमी (सजिल्द)
700 ## - ADDED ENTRY--PERSONAL NAME
9 (RLIN) 63915
942 ## - ADDED ENTRY ELEMENTS (KOHA)
Institution code [OBSOLETE] dpl
Item type Hindi Books
Source of classification or shelving scheme Dewey Decimal Classification
Classification part 808.08
Call number suffix अंजना
Holdings
Withdrawn status Lost status Not for loan Collection code Home library Current library Date acquired Source of acquisition Cost, normal purchase price Full call number Barcode Copy number Cost, replacement price Koha item type
      Non-fiction Bawana Bawana 26/03/2024 DBAD/PUB 950.00 808.08 अंजना HN-99569 1 950.00 Hindi Books

© Delhi Public Library
Hit Counter
free hit counter